000 00740nam a2200289Ia 4500
005 20260324112538.0
008 008 260324s9999 xx 000 0 eng d
020 _a9781003462361
037 _aEBOOK
040 _aCRL
040 _beng
040 _cCRL
041 _2eng
041 _aeng
084 _qCRL
100 _aWilliam B. Rouse
_91139511
245 0 _aFrom Human-Centered Design to Human-Centered Society
245 0 _bCreatively Balancing Business Innovation and Societal Exploitation
260 _bTaylor and Francis
260 _c2024
365 _a
365 _b180
856 _uhttp://www.taylorfrancis.com/books/9781003462361
942 _cEBOOK
999 _c1732390
_d1732390